Barzanji : (Record no. 3713)
[ view plain ]
| 000 -LEADER | |
|---|---|
| fixed length control field | nam a22 a 4500 |
| 003 - CONTROL NUMBER IDENTIFIER | |
| control field | AKMAL |
| 005 - DATE AND TIME OF LATEST TRANSACTION | |
| control field | 20170523154743.0 |
| 008 - FIXED-LENGTH DATA ELEMENTS--GENERAL INFORMATION | |
| fixed length control field | 170523s1996 my | e | 000 0 may d |
| 020 ## - INTERNATIONAL STANDARD BOOK NUMBER | |
| International Standard Book Number | 9830461076 (kkt.) : |
| Terms of availability | RM5.00 |
| 039 #9 - LEVEL OF BIBLIOGRAPHIC CONTROL AND CODING DETAIL [OBSOLETE] | |
| Level of rules in bibliographic description | 200808221606 |
| Level of effort used to assign nonsubject heading access points | azma |
| Level of effort used to assign subject headings | 200806261244 |
| Level of effort used to assign classification | aidayasmalizay |
| 040 ## - CATALOGING SOURCE | |
| Original cataloging agency | AKMAL |
| Transcribing agency | AKMAL |
| 049 ## - LOCAL HOLDINGS (OCLC) | |
| Holding library | mal |
| 082 04 - DEWEY DECIMAL CLASSIFICATION NUMBER | |
| Classification number | 782.27088297 BAR |
| Edition number | 22 |
| 090 00 - LOCALLY ASSIGNED LC-TYPE CALL NUMBER (OCLC); LOCAL CALL NUMBER (RLIN) | |
| Classification number (OCLC) (R) ; Classification number, CALL (RLIN) (NR) | 782.27088297 |
| Local cutter number (OCLC) ; Book number/undivided call number, CALL (RLIN) | BAR |
| 100 1# - MAIN ENTRY--PERSONAL NAME | |
| Personal name | Al-Barzanji, Jaafar |
| 9 (RLIN) | 7333 |
| 245 10 - TITLE STATEMENT | |
| Title | Barzanji : |
| Remainder of title | terjemahan / |
| Statement of responsibility, etc. | Sheikh Ja'afar Al Barzanji ; terjemahan Syahrin Nasution |
| 260 ## - PUBLICATION, DISTRIBUTION, ETC. | |
| Place of publication, distribution, etc. | Kuala Lumpur : |
| Name of publisher, distributor, etc. | Darul Nu'man, |
| Date of publication, distribution, etc. | 1996 |
| 300 ## - PHYSICAL DESCRIPTION | |
| Extent | vi, 127ms. ; |
| Dimensions | 21cm. |
| 500 ## - GENERAL NOTE | |
| General note | Mengandungi ayat-ayat dari Quran |
| 650 10 - SUBJECT ADDED ENTRY--TOPICAL TERM | |
| Topical term or geographic name entry element | Islamic hymns |
| 9 (RLIN) | 7334 |
| 700 1# - ADDED ENTRY--PERSONAL NAME | |
| Personal name | Nasution, Syahrin |
| 9 (RLIN) | 1549 |
| 942 ## - ADDED ENTRY ELEMENTS (KOHA) | |
| Source of classification or shelving scheme | |
| Koha item type | Book |
| Withdrawn status | Lost status | Source of classification or shelving scheme | Damaged status | Not for loan | Collection code | Home library | Current library | Date acquired | Inventory number | Total Checkouts | Full call number | Barcode | Date last seen | Price effective from | Koha item type |
|---|---|---|---|---|---|---|---|---|---|---|---|---|---|---|---|
| NON-FICTION | AKMAL Melaka | AKMAL Melaka | 23.05.2017 | 700178 | 782.27088297 BAR | 201704810 | 23.05.2017 | 23.05.2017 | Book |
